Corporate law referencer / (Record no. 104713)

MARC details
000 -LEADER
fixed length control field 00531nam a22001817a 4500
005 - DATE AND TIME OF LATEST TRANSACTION
control field 20161123103709.0
010 ## - LCCN (DPL NO)
LC control number ENG-116614
020 ## - INTERNATIONAL STANDARD BOOK NUMBER
International Standard Book Number 9789351436461
Terms of availability 1695.00
035 ## - SYSTEM CONTROL NUMBER
System control number EN-100146
037 ## - SOURCE OF ACQUISITION
Source of stock number/acquisition DBAD/PUB
082 ## - DEWEY DECIMAL CLASSIFICATION NUMBER
Classification number 346.54066
245 ## - TITLE STATEMENT
Title Corporate law referencer /
250 ## - EDITION STATEMENT
Remainder of edition statement
260 ## - PUBLICATION, DISTRIBUTION, ETC. (IMPRINT)
Place of publication, distribution, etc Gurgaon
Name of publisher, distributor, etc LexisNexis
Date of publication, distribution, etc 2016
270 ## - ADDRESS
Address 14th Floor, Building No.10, Tower-B, DLF Cyber City, Phase-II
City Gurgaon
Postal code 122002
300 ## - PHYSICAL DESCRIPTION
Extent Various Pagings
Dimensions 24cm(pbk)
942 ## - ADDED ENTRY ELEMENTS (KOHA)
Source of classification or shelving scheme Dewey Decimal Classification
Item type English Books
Call number suffix COR
Classification part 346.54066
Holdings
Withdrawn status Lost status Not for loan Collection code Home library Current library Date acquired Source of acquisition Cost, normal purchase price Full call number Barcode Copy number Cost, replacement price Koha item type
    Not For Loan Non-fiction D.B.Act.Division Bawana 23/11/2016 DBAD/PUB 1695.00 346.54066 COR EN-100146 1 1695.00 English Books

© Delhi Public Library
Hit Counter
free hit counter